Sabarimalai and Its Sastha (Record no. 3305)
[ view plain ]
| 000 -LEADER | |
|---|---|
| fixed length control field | 00649nam a2200241 a 4500 |
| 020 ## - INTERNATIONAL STANDARD BOOK NUMBER | |
| ISBN | |
| 082 00 - DEWEY DECIMAL CLASSIFICATION NUMBER | |
| Classification number | 294.55 |
| Author Cutter | THO1 |
| 100 ## - MAIN ENTRY--AUTHOR NAME | |
| Author name | Thomas, P T |
| 245 ## - TITLE STATEMENT | |
| Title | Sabarimalai and Its Sastha |
| Sub title | Essay on the Ayyappa Movement |
| 260 ## - PUBLICATION, DISTRIBUTION, ETC. (IMPRINT) | |
| Place of publication | Bangalore |
| Name of publisher | Christian Instt.For Study of Religion |
| Year of publication | 1973 |
| 300 ## - PHYSICAL DESCRIPTION | |
| Number of Pages | 62p |
| 500 ## - GENERAL NOTE | |
| General note | includes index and biblioraphy |
| 505 2# - FORMATTED CONTENTS NOTE | |
| Formatted contents note | Appendix, Bibliography |
| 650 ## - SUBJECT ADDED ENTRY--TOPICAL TERM | |
| Topical Term | Hinduism-Temples-Sabarimalai |
| 942 ## - ADDED ENTRY ELEMENTS (KOHA) | |
| Koha item type | Books |
| 700 1# - | |
| -- | Thomas, P T |
| Collection code | Home library | Current library | Date acquired | Cost, normal purchase price | Full call number | Accession Number | Koha item type |
|---|---|---|---|---|---|---|---|
| Henry Martyn Institute Library | Henry Martyn Institute Library | 07/24/2007 | 2.50 | 294.55 THO1 | 07142 | Books |
